Tanácskozott a TIT V. megyei küldöttgyűlése

Elmentve itt :
Bibliográfiai részletek
Dokumentumtípus: Cikk
Megjelent: 1968-04-30
Sorozat:Délmagyarország 58 No. 100
Kulcsszavak:Kiszely György, Dömötör János, Ortutay Gyula, Tudományos Ismeretterjesztő Társulat közgyűlés 1968
Online Access:http://dmarchiv.bibl.u-szeged.hu/62334
LEADER 00512nab a2200145 i 4500
001 delm62334
005 20180927151303.0
008 180927s1968 hu o 0|| hun d
040 |a SZTE Délmagyarország Archívum  |b hun 
041 |a hun 
245 0 0 |a Tanácskozott a TIT V. megyei küldöttgyűlése  |h [elektronikus dokumentum] 
260 |c 1968-04-30 
300 |a 5 
490 0 |a Délmagyarország  |v 58 No. 100 
695 |a Kiszely György, Dömötör János, Ortutay Gyula, Tudományos Ismeretterjesztő Társulat közgyűlés 1968